[Event "Bodenmais Arber Seniors op 10th"]
[Site "Bodenmais"]
[Date "2023.08.09"]
[Round "5"]
[White "Hamlack, Heinz"]
[Black "Schatz, Christian"]
[Result "0-1"]
[WhiteElo "2002"]
[BlackElo "2153"]
[PlyCount "58"]
[EventDate "2023.08.05"]
[EventType "swiss"]
[EventRounds "9"]
[EventCountry "GER"]
[SourceTitle "EXT 2024"]
[Source "ChessBase"]
[SourceDate "2023.10.10"]
[SourceVersion "1"]
[SourceVersionDate "2023.10.10"]
[SourceQuality "1"]

1. Nf3 Nf6 2. d4 g6 3. c4 Bg7 4. Nc3 0-0 5. e4 d6 6. Be2 e5 7. h3 exd4 8. Nxd4 Re8 9. Bf3 Nxe4 10. Nxe4 f5 11. Ne2 fxe4 12. Qd5+ Be6 13. Qxe4 Nc6 14. g4 Bf7 15. Qf4 Nd4 16. Kf1 g5 17. Qg3 Bxc4 18. Be3 Nc2 19. Rc1 Nxe3+ 20. fxe3 Bf7 21. Bxb7 Rb8 22. Bc6 Rf8 23. Kg1 Rxb2 24. Nd4 Bxd4 25. exd4 Qf6 26. Qe3 Bc4 27. Bg2 Re2 28. Qg3 Qxd4+ 29. Kh2 Rff2 0-1

[Event "Bodenmais Arber Seniors op 10th"]
[Site "Bodenmais"]
[Date "2023.08.08"]
[Round "4"]
[White "Hilbig, Dieter"]
[Black "Hamlack, Heinz"]
[Result "0-1"]
[WhiteElo "1867"]
[BlackElo "2002"]
[PlyCount "94"]
[EventDate "2023.08.05"]
[EventType "swiss"]
[EventRounds "9"]
[EventCountry "GER"]
[SourceTitle "EXT 2024"]
[Source "ChessBase"]
[SourceDate "2023.10.10"]
[SourceVersion "1"]
[SourceVersionDate "2023.10.10"]
[SourceQuality "1"]

1. e4 c5 2. Nc3 Nc6 3. f4 e6 4. Nf3 Nge7 5. Be2 d5 6. exd5 Nxd5 7. Nxd5 Qxd5 8. d3 Be7 9. 0-0 0-0 10. Nd2 Nd4 11. Bf3 Nxf3+ 12. Qxf3 Qxf3 13. Nxf3 b6 14. Be3 Ba6 15. Rfd1 Rac8 16. c3 Rfd8 17. Ne1 Rd7 18. Rd2 Rcd8 19. Rad1 Bf6 20. Kf2 Bb5 21. Kg3 Ba4 22. Rc1 h6 23. Kf3 Kf8 24. Ke2 e5 25. fxe5 Bxe5 26. Nf3 Bb8 27. d4 Re8 28. Kf2 Rde7 29. Re1 cxd4 30. Bxd4 Rxe1 31. Nxe1 Bf4 32. Re2 Rxe2+ 33. Kxe2 Bxh2 34. Nf3 Bf4 35. Ne5 Be8 36. Kf3 Bc1 37. Nd3 Bg5 38. g3 Bb5 39. Nb4 f5 40. b3 Bd2 41. a4 Be8 42. Ke2 Bg5 43. Be5 Bh5+ 44. Kd3 Bd1 45. Kc4 Be3 46. Bb8 a6 47. Nd5 Be2+ 0-1

[Event "Bodenmais Arber Seniors op 10th"]
[Site "Bodenmais"]
[Date "2023.08.07"]
[Round "3"]
[White "Hamlack, Heinz"]
[Black "Sandner, Gunter"]
[Result "0-1"]
[WhiteElo "2002"]
[BlackElo "2238"]
[PlyCount "78"]
[EventDate "2023.08.05"]
[EventType "swiss"]
[EventRounds "9"]
[EventCountry "GER"]
[SourceTitle "EXT 2024"]
[Source "ChessBase"]
[SourceDate "2023.10.10"]
[SourceVersion "1"]
[SourceVersionDate "2023.10.10"]
[SourceQuality "1"]

1. d4 Nf6 2. Nf3 e6 3. c4 b6 4. Nc3 Bb4 5. Bg5 h6 6. Bxf6 Bxc3+ 7. bxc3 Qxf6 8. e3 Bb7 9. Be2 d6 10. Qc2 Nd7 11. Rd1 0-0 12. 0-0 Rfe8 13. Nd2 e5 14. Bf3 Bxf3 15. Nxf3 Qe6 16. Qa4 e4 17. Nd2 Nf6 18. Qc6 Rac8 19. Rde1 Qf5 20. Qa4 a5 21. Rb1 Nh7 22. Rb5 Qg4 23. Qd1 Qd7 24. Qh5 Re6 25. Qf5 Qe8 26. h4 Rd8 27. a4 Qe7 28. Qf4 Re8 29. f3 exf3 30. Rxf3 Rxe3 31. c5 Re1+ 32. Kh2 dxc5 33. dxc5 Nf6 34. cxb6 cxb6 35. Rf5 Qe6 36. Rg3 Ne4 37. Nxe4 Rxe4 38. Qf2 Rxh4+ 39. Kg1 Rxa4 0-1

[Event "Mittelfrank Regionalliga Nord-West 2223"]
[Site "Mittelfranken"]
[Date "2023.01.15"]
[Round "5.6"]
[White "Hamlack, Heinz"]
[Black "Reissner, Andreas"]
[Result "1/2-1/2"]
[WhiteElo "1945"]
[BlackElo "1982"]
[PlyCount "79"]
[EventDate "2022.10.09"]
[EventType "team-tourn"]
[EventRounds "9"]
[EventCountry "GER"]
[SourceTitle "EXT 2024"]
[Source "ChessBase"]
[SourceDate "2023.10.10"]
[SourceVersion "1"]
[SourceVersionDate "2023.10.10"]
[SourceQuality "1"]
[WhiteTeam "Bad Neustadt"]
[BlackTeam "Marktleuthen"]
[WhiteTeamCountry "GER"]
[BlackTeamCountry "GER"]

1. Nf3 Nf6 2. c4 Nc6 3. g3 e5 4. Nc3 Bb4 5. Bg2 Bxc3 6. bxc3 d6 7. Rb1 0-0 8. 0-0 Ne7 9. d3 Ng6 10. Nd2 c6 11. Qc2 Bg4 12. h3 Bc8 13. Kh2 Nh5 14. e4 b6 15. Qd1 Nf6 16. Nb3 h6 17. Re1 Nh7 18. Qh5 Nf6 19. Qe2 Nh7 20. Qh5 Qe8 21. Ba3 c5 22. Qe2 Ng5 23. Bc1 Qe6 24. h4 Nh7 25. Qf1 Bd7 26. Be3 Nf6 27. f3 Nh5 28. Bh3 Qe7 29. Bxd7 Qxd7 30. Qh3 Qxh3+ 31. Kxh3 f5 32. exf5 Rxf5 33. Nd2 Raf8 34. Kg2 Ne7 35. a4 Nc6 36. Rf1 R5f6 37. Ne4 Rg6 38. Kh2 Re6 39. Kg2 Nf6 40. g4 1/2-1/2

[Event "Bodenmais op"]
[Site "Bodenmais"]
[Date "2022.08.04"]
[Round "6"]
[White "Hamlack, Heinz"]
[Black "Dyballa, Gerhard"]
[Result "1-0"]
[WhiteElo "1994"]
[BlackElo "1912"]
[PlyCount "119"]
[EventDate "2022.07.30"]
[EventType "swiss"]
[EventRounds "9"]
[EventCountry "GER"]
[SourceTitle "CBM 209 Extra"]
[Source "ChessBase"]
[SourceDate "2022.09.30"]
[SourceVersion "1"]
[SourceVersionDate "2022.09.30"]
[SourceQuality "1"]

1. d4 Nf6 2. Nf3 e6 3. e3 b6 4. Be2 Bb7 5. 0-0 d6 6. c4 Be7 7. Nc3 Ne4 8. Nxe4 Bxe4 9. Bd3 Bxd3 10. Qxd3 Nd7 11. e4 e5 12. d5 Nc5 13. Qc2 a5 14. Be3 0-0 15. a3 a4 16. Bxc5 bxc5 17. b4 axb3 18. Qxb3 Qd7 19. Qc2 f5 20. exf5 Qxf5 21. Qxf5 Rxf5 22. Nd2 Rf4 23. g3 Rd4 24. Ra2 Ra4 25. Rb1 h6 26. Rb7 e4 27. Rxc7 Bg5 28. f4 exf3 29. Nxf3 Be3+ 30. Kg2 Rdxc4 31. Rb2 Bd4 32. Nxd4 cxd4 33. Rxc4 Rxc4 34. Kf3 Rc3+ 35. Ke4 Rxa3 36. Kxd4 Ra4+ 37. Ke3 Kf7 38. Rf2+ Ke7 39. Kd3 g6 40. Re2+ Kf7 41. Re6 Ra2 42. Rxd6 Rxh2 43. Re6 h5 44. Re3 Ra2 45. Kd4 Ra4+ 46. Kc5 h4 47. gxh4 Rxh4 48. Kd6 Kf6 49. Rf3+ Kg5 50. Ke5 Ra4 51. d6 Ra5+ 52. Ke6 Kg4 53. Rc3 Ra1 54. Rd3 Ra8 55. d7 g5 56. d8Q Rxd8 57. Rxd8 Kf3 58. Kf5 g4 59. Rd3+ Ke2 60. Rg3 1-0

[Event "Bad Griesbach Seniors op 23rd"]
[Site "Bad Griesbach"]
[Date "2021.11.18"]
[Round "5"]
[White "Johnsen, Gunnar"]
[Black "Hamlack, Heinz"]
[Result "0-1"]
[WhiteElo "2178"]
[BlackElo "1971"]
[PlyCount "82"]
[EventDate "2021.11.14"]
[EventType "swiss"]
[EventRounds "7"]
[EventCountry "GER"]
[SourceTitle "EXT 2024"]
[Source "ChessBase"]
[SourceDate "2023.10.10"]
[SourceVersion "1"]
[SourceVersionDate "2023.10.10"]
[SourceQuality "1"]

1. d4 Nf6 2. Nf3 e6 3. c4 b6 4. Nc3 Bb4 5. Bg5 Bxc3+ 6. bxc3 d5 7. cxd5 exd5 8. e3 0-0 9. Bd3 c5 10. Ne5 h6 11. Bh4 Re8 12. 0-0 Qd6 13. Bg3 Qe6 14. f4 Ba6 15. f5 Qc8 16. c4 Nbd7 17. cxd5 Bxd3 18. Qxd3 Nxd5 19. e4 Nb4 20. Qb3 Nxe5 21. dxe5 Nc6 22. e6 Qb7 23. e5 Nd4 24. exf7+ Qxf7 25. e6 Qh5 26. Qd5 Ne2+ 27. Kf2 Nxg3 28. hxg3 Rad8 29. Qf3 Qxf3+ 30. gxf3 Kf8 31. Ke3 Ke7 32. Rfd1 Kf6 33. g4 g6 34. Ke4 gxf5+ 35. gxf5 h5 36. Kf4 h4 37. Rd7 Rxd7 38. exd7 Rd8 39. Rd1 h3 40. Kg3 Kxf5 41. Kxh3 Kf4 0-1

[Event "Bad Woerishofen op 33rd"]
[Site "Bad Woerishofen"]
[Date "2017.03.11"]
[Round "2"]
[White "Hamlack, Heinz"]
[Black "Cebalo, Miso"]
[Result "1/2-1/2"]
[WhiteElo "2016"]
[BlackElo "2330"]
[PlyCount "84"]
[EventDate "2017.03.10"]
[EventType "swiss"]
[EventRounds "9"]
[EventCountry "GER"]
[SourceTitle "EXT 2018"]
[Source "ChessBase"]
[SourceDate "2017.10.13"]
[SourceVersion "1"]
[SourceVersionDate "2017.10.13"]
[SourceQuality "1"]

1. d4 Nf6 2. c4 c5 3. d5 e6 4. Nc3 exd5 5. cxd5 d6 6. Nf3 g6 7. Bf4 a6 8. a4 Bg7 9. h3 0-0 10. e3 Re8 11. Be2 Ne4 12. Nxe4 Rxe4 13. Nd2 Rb4 14. 0-0 Bxb2 15. Ra2 Be5 16. Bxe5 dxe5 17. Nc4 Nd7 18. Qc2 Nb6 19. Nxb6 Qxb6 20. Rc1 Bf5 21. Qc3 Rb1 22. a5 Qb4 23. Kh2 Rxc1 24. Qxc1 b5 25. axb6 Qxb6 26. Qc4 a5 27. e4 Bd7 28. Qc3 Qc7 29. d6 Qxd6 30. Rxa5 Rxa5 31. Qxa5 Be6 32. Qb5 Qd4 33. Bg4 Bxg4 34. hxg4 Kg7 35. f3 h6 36. Qb8 c4 37. Qc7 Kf6 38. g3 Qf2+ 39. Kh3 Qxf3 40. Qd6+ Kg7 41. Qxe5+ Kh7 42. Kh2 c3 1/2-1/2

[Event "Arber op 5th"]
[Site "Bodenmais"]
[Date "2016.08.06"]
[Round "8"]
[White "Hamlack, Heinz"]
[Black "Giessmann, Stephan"]
[Result "0-1"]
[WhiteElo "2021"]
[BlackElo "2265"]
[PlyCount "64"]
[EventDate "2016.07.30"]
[EventType "swiss"]
[EventRounds "9"]
[EventCountry "GER"]
[SourceTitle "CBM 173 Extra"]
[Source "ChessBase"]
[SourceDate "2016.08.29"]
[SourceVersion "1"]
[SourceVersionDate "2016.08.29"]
[SourceQuality "1"]

1. Nf3 d5 2. d4 Nc6 3. Bf4 Bf5 4. a3 e6 5. e3 Bd6 6. Bg3 Nf6 7. Nbd2 0-0 8. c4 Re8 9. Be2 Bxg3 10. hxg3 e5 11. cxd5 Qxd5 12. Bc4 Qd7 13. Nxe5 Nxe5 14. dxe5 Rxe5 15. Nf3 Rc5 16. Rh4 Qe7 17. b4 Rc6 18. Rd4 Re8 19. Bb5 Ne4 20. Bxc6 bxc6 21. Qb3 Qf6 22. Rad1 g5 23. Qb2 Bg4 24. R4d2 Qe7 25. Rd3 h6 26. Rc1 Qe6 27. Nd4 Qg6 28. f3 Nc5 29. Rxc5 Qxd3 30. fxg4 Qxe3+ 31. Ne2 Qxg3+ 32. Kd2 Rxe2+ 0-1

[Event "Arber op 5th"]
[Site "Bodenmais"]
[Date "2016.08.04"]
[Round "6"]
[White "Hamlack, Heinz"]
[Black "Grund, Sebastian"]
[Result "1-0"]
[WhiteElo "2021"]
[BlackElo "1757"]
[PlyCount "67"]
[EventDate "2016.07.30"]
[EventType "swiss"]
[EventRounds "9"]
[EventCountry "GER"]
[SourceTitle "CBM 173 Extra"]
[Source "ChessBase"]
[SourceDate "2016.08.29"]
[SourceVersion "1"]
[SourceVersionDate "2016.08.29"]
[SourceQuality "1"]

1. d4 Nf6 2. Nf3 e6 3. e3 d5 4. Be2 b6 5. 0-0 Bb7 6. c4 Be7 7. Nc3 0-0 8. Qc2 c5 9. cxd5 exd5 10. dxc5 bxc5 11. Rd1 Nbd7 12. b3 Rc8 13. Bb2 a6 14. Rd2 Qc7 15. a3 Bd6 16. h3 Ne5 17. Rad1 Rfd8 18. Nxe5 Bxe5 19. Bf3 Qe7 20. Nxd5 Nxd5 21. Bxd5 Bxd5 22. Rxd5 Rxd5 23. Rxd5 Bxb2 24. Qxb2 Qb7 25. Qd2 Qb6 26. Rd6 Qb8 27. Qd5 h6 28. Rd7 Rf8 29. g3 Qc8 30. Kg2 Qb8 31. e4 Qc8 32. e5 Qe8 33. Rd6 Qe7 34. Rxa6 1-0

[Event "Regionalliga SW 1516"]
[Site "Bayern"]
[Date "2016.03.13"]
[Round "8.4"]
[White "Hamlack, Heinz"]
[Black "Tasdelen, Deniz Murat"]
[Result "1/2-1/2"]
[WhiteElo "1988"]
[BlackElo "2102"]
[PlyCount "62"]
[EventDate "2015.10.11"]
[EventType "team-tourn"]
[EventRounds "9"]
[EventCountry "GER"]
[SourceTitle "EXT 2018"]
[Source "ChessBase"]
[SourceDate "2017.10.13"]
[SourceVersion "1"]
[SourceVersionDate "2017.10.13"]
[SourceQuality "1"]
[WhiteTeam "Memmingen"]
[BlackTeam "MSA Zugzwang II"]
[WhiteTeamCountry "GER"]
[BlackTeamCountry "GER"]

1. d4 Nf6 2. Nf3 e6 3. e3 c5 4. Be2 d5 5. 0-0 Bd6 6. a3 0-0 7. dxc5 Bxc5 8. b4 Bd6 9. c4 b6 10. Nc3 Bb7 11. Nb5 Be7 12. Bb2 Nbd7 13. cxd5 Nxd5 14. Ne5 N7f6 15. Bf3 Qb8 16. Nc4 Bc6 17. Be5 Qe8 18. Nd4 Ba4 19. Qd3 Qd7 20. Nb2 b5 21. Nxa4 bxa4 22. e4 Nb6 23. Rfd1 Rfd8 24. Qe2 Qe8 25. Nb5 Qf8 26. Rxd8 Bxd8 27. Rc1 a5 28. Bd6 Be7 29. Bc7 Bd8 30. Bd6 Be7 31. Bc7 Bd8 1/2-1/2

[Event "Regionalliga SW 1516"]
[Site "Bayern"]
[Date "2016.01.17"]
[Round "5.4"]
[White "Hamlack, Heinz"]
[Black "Wolf, Armin"]
[Result "1/2-1/2"]
[WhiteElo "1988"]
[BlackElo "2089"]
[PlyCount "58"]
[EventDate "2015.10.11"]
[EventType "team-tourn"]
[EventRounds "9"]
[EventCountry "GER"]
[SourceTitle "EXT 2018"]
[Source "ChessBase"]
[SourceDate "2017.10.13"]
[SourceVersion "1"]
[SourceVersionDate "2017.10.13"]
[SourceQuality "1"]
[WhiteTeam "Memmingen"]
[BlackTeam "Haunstetten"]
[WhiteTeamCountry "GER"]
[BlackTeamCountry "GER"]

1. d4 g6 2. c4 Bg7 3. Nc3 d6 4. e4 e5 5. d5 f5 6. exf5 gxf5 7. Qh5+ Kf8 8. Bg5 Nf6 9. Qd1 Qe8 10. Nf3 Na6 11. Be2 Qg6 12. Bd2 Bd7 13. h4 h5 14. Ng5 Ke7 15. Qc2 Nc5 16. f3 a5 17. Be3 b6 18. 0-0-0 Bh6 19. Rhe1 Kf8 20. f4 exf4 21. Bxf4 Nfe4 22. Nh3 Re8 23. Bf3 Bxf4+ 24. Nxf4 Qh6 25. Nce2 Nf2 26. Rd4 Nfd3+ 27. Rxd3 Nxd3+ 28. Qxd3 Rxe2 29. Qxe2 Qxf4+ 1/2-1/2

[Event "Bad Woerishofen op 29th"]
[Site "Bad Woerishofen"]
[Date "2013.03.02"]
[Round "2"]
[White "Titz, Waldemar"]
[Black "Hamlack, Heinz"]
[Result "0-1"]
[WhiteElo "1734"]
[BlackElo "1993"]
[PlyCount "58"]
[EventDate "2013.03.01"]
[EventType "swiss"]
[EventRounds "9"]
[EventCountry "GER"]
[SourceTitle "CBM 153 Extra"]
[Source "ChessBase"]
[SourceDate "2013.04.22"]
[SourceVersion "1"]
[SourceVersionDate "2013.04.22"]
[SourceQuality "1"]

1. e4 c5 2. Nf3 d6 3. d4 cxd4 4. Nxd4 Nf6 5. Nc3 a6 6. Be3 g6 7. Be2 Bg7 8. 0-0 0-0 9. a4 Nc6 10. Rc1 Qa5 11. Nb3 Qc7 12. f4 Rd8 13. Bf3 Na5 14. Nxa5 Qxa5 15. Qe1 Bg4 16. Qf2 Qh5 17. h3 Bxf3 18. Qxf3 Qxf3 19. Rxf3 d5 20. exd5 Nxd5 21. Nxd5 Rxd5 22. c3 b5 23. axb5 axb5 24. Rc2 Bf6 25. Rff2 Rd3 26. Bd2 b4 27. Re2 Ra1+ 28. Kh2 b3 29. Rc1 Rxd2 0-1

[Event "Staufer op 25th"]
[Site "Schwaebisch Gmuend"]
[Date "2013.01.02"]
[Round "2"]
[White "Kersten, Uwe"]
[Black "Hamlack, Heinz"]
[Result "1-0"]
[WhiteElo "2302"]
[BlackElo "2015"]
[PlyCount "71"]
[EventDate "2013.01.02"]
[EventType "swiss"]
[EventRounds "9"]
[EventCountry "GER"]
[SourceTitle "CBM 152 Extra"]
[Source "ChessBase"]
[SourceDate "2013.02.25"]
[SourceVersion "1"]
[SourceVersionDate "2013.02.25"]
[SourceQuality "1"]

1. e4 d6 2. d4 Nf6 3. Nc3 g6 4. f4 c6 5. Nf3 Bg7 6. Be3 Ng4 7. Bg1 Qa5 8. Qd2 b5 9. Bd3 0-0 10. e5 dxe5 11. dxe5 Rd8 12. Nxb5 Qxd2+ 13. Nxd2 Rxd3 14. Nc7 Rd7 15. Nxa8 c5 16. h3 Nh6 17. Nb3 Na6 18. Nxc5 Nxc5 19. Bxc5 Bb7 20. 0-0 Rd2 21. Bf2 Nf5 22. Rfd1 Rxc2 23. g4 Ng3 24. Bxg3 Rg2+ 25. Kf1 Rxg3 26. Rd7 Bc6 27. Rd8+ Bf8 28. Rc1 Bb7 29. Rc3 Bg2+ 30. Kf2 Rxc3 31. bxc3 Bxh3 32. Kg3 Bf1 33. Nc7 e6 34. Ne8 h6 35. Ra8 a6 36. Rc8 1-0

[Event "Bad Woerishofen op 17th"]
[Site "Bad Woerishofen"]
[Date "2001.??.??"]
[Round "9"]
[White "Kistella, Irena"]
[Black "Hamlack, Heinz"]
[Result "0-1"]
[WhiteElo "1670"]
[BlackElo "1906"]
[PlyCount "136"]
[EventDate "2001.03.15"]
[EventType "swiss"]
[EventRounds "9"]
[EventCountry "GER"]
[SourceTitle "CBM 081 Extra"]
[Source "ChessBase"]
[SourceDate "2001.05.06"]
[SourceVersion "1"]
[SourceVersionDate "2001.05.06"]
[SourceQuality "1"]

1. d4 Nf6 2. Nf3 g6 3. Bg5 Bg7 4. e3 0-0 5. Be2 d6 6. 0-0 Nbd7 7. Nbd2 c6 8. c3 Qc7 9. Qc2 Re8 10. Rad1 e5 11. dxe5 dxe5 12. Nc4 Bf8 13. Bh4 Nd5 14. e4 Nf4 15. a4 a5 16. Rfe1 Nc5 17. Bg3 Nxe2+ 18. Rxe2 f6 19. h3 b5 20. axb5 cxb5 21. Ne3 Be6 22. Nd5 Qf7 23. Bh4 g5 24. Bg3 Rad8 25. Red2 Bg7 26. b4 axb4 27. cxb4 Na6 28. Qc6 Bxd5 29. Qxa6 Bb7 30. Qxb5 Rxd2 31. Nxd2 Rd8 32. f3 Bf8 33. Be1 Bc8 34. Rb1 h5 35. Qc4 Be6 36. Qe2 Rb8 37. Nf1 Bc4 38. Qc2 Rd8 39. Ne3 Bd3 40. Qd2 Qa7 41. Rb3 Qa6 42. b5 Qd6 43. Bf2 g4 44. Nf5 Qd7 45. Bb6 Bc4 46. Qxd7 Rxd7 47. Rc3 Bxb5 48. Rc8 Kf7 49. hxg4 hxg4 50. fxg4 Rd1+ 51. Kh2 Re1 52. Bc5 Bxc5 53. Rxc5 Bd3 54. Rc7+ Ke8 55. Ng7+ Kf8 56. Nh5 Rf1 57. Ng3 Rf4 58. Rc3 Bb5 59. Rf3 Rxg4 60. Rxf6+ Ke7 61. Rb6 Bd3 62. Rb4 Kd6 63. Ra4 Kc5 64. Ra5+ Kd4 65. Ra4+ Ke3 66. Nf5+ Kf2 67. Ra2+ Be2 68. Ng3 Rh4# 0-1

[Event "Bad Woerishofen op 17th"]
[Site "Bad Woerishofen"]
[Date "2001.??.??"]
[Round "1"]
[White "Sawadkuhi, Massoud Amir"]
[Black "Hamlack, Heinz"]
[Result "1-0"]
[WhiteElo "2322"]
[BlackElo "1916"]
[PlyCount "49"]
[EventDate "2001.03.15"]
[EventType "swiss"]
[EventRounds "9"]
[EventCountry "GER"]
[SourceTitle "CBM 081 Extra"]
[Source "ChessBase"]
[SourceDate "2001.05.06"]
[SourceVersion "1"]
[SourceVersionDate "2001.05.06"]
[SourceQuality "1"]

1. e4 e6 2. d4 d5 3. Nc3 Be7 4. e5 c5 5. dxc5 Nc6 6. Nf3 Bxc5 7. Bd3 a6 8. 0-0 Nge7 9. Bf4 h6 10. h4 Bd7 11. a3 b5 12. b4 Ba7 13. Ne2 Rc8 14. c3 g6 15. a4 Rb8 16. axb5 axb5 17. Qd2 Qc7 18. Bxh6 Nc8 19. Bg7 Rh5 20. Qf4 f5 21. exf6 Qxf4 22. Bxg6+ Kd8 23. Nxf4 Rf5 24. Bxf5 exf5 25. f7 1-0

[Event "Regionalliga SW 9495"]
[Site "Bayern"]
[Date "1995.??.??"]
[Round "?.1"]
[White "Kraenzle, Harald"]
[Black "Hamlack, Heinz"]
[Result "1/2-1/2"]
[WhiteElo "2030"]
[BlackElo "1935"]
[PlyCount "94"]
[EventDate "1994.10.??"]
[EventType "team-tourn"]
[EventRounds "9"]
[EventCountry "GER"]
[SourceTitle "EXT 1999"]
[Source "ChessBase"]
[SourceDate "1998.11.16"]
[SourceVersion "1"]
[SourceVersionDate "1998.11.16"]
[SourceQuality "1"]
[WhiteTeam "Muenchen 36 II"]
[BlackTeam "Heimertingen"]
[WhiteTeamCountry "GER"]
[BlackTeamCountry "GER"]

1. e4 d6 2. d4 Nf6 3. Nc3 c6 4. Be3 g6 5. f3 Bg7 6. Qd2 Qa5 7. 0-0-0 Be6 8. Kb1 Na6 9. Bxa6 bxa6 10. Nge2 Rb8 11. Nf4 Qb4 12. b3 Nd7 13. Nxe6 fxe6 14. Ne2 Qa3 15. Qc3 c5 16. Bc1 Qa4 17. Bb2 Qb5 18. Qe3 0-0 19. dxc5 Bxb2 20. Kxb2 Nxc5 21. Nc3 Qc6 22. h4 Rfc8 23. h5 Qe8 24. hxg6 Qxg6 25. Rh4 Na4+ 26. Nxa4 Qf6+ 27. e5 Qxh4 28. Rd4 Qh5 29. exd6 Qf5 30. Nc3 exd6 31. Rxd6 Qf6 32. Qxe6+ Qxe6 33. Rxe6 Rb6 34. Re2 Kf7 35. Ne4 a5 36. Rd2 Rc7 37. a4 Ke6 38. Ng5+ Ke5 39. Re2+ Kf5 40. Nh3 h5 41. Re4 Rb4 42. g4+ hxg4 43. Rxg4 Rxg4 44. fxg4+ Kxg4 45. Nf2+ Kf3 46. Nd3 Ke3 47. Ne5 Rc5 1/2-1/2